Canadian annual review for 1960 (Record no. 361923)

000 -LEADER
fixed length control field 00382cam a22001337a 4500
008 - FIXED-LENGTH DATA ELEMENTS--GENERAL INFORMATION
fixed length control field 180718b1961 xxu||||| |||| 00| 0 eng d
082 ## - DEWEY DECIMAL CLASSIFICATION NUMBER
Classification number A84x71 C16
245 ## - TITLE STATEMENT
Title Canadian annual review for 1960
Statement of responsibility, etc. edited by John T. Saywell
260 ## - PUBLICATION, DISTRIBUTION, ETC.
Place of publication, distribution, etc. Toronto
Name of publisher, distributor, etc. Univ. of Toronto Press
Date of publication, distribution, etc. 1961
300 ## - PHYSICAL DESCRIPTION
Extent 401p.
500 ## - GENERAL NOTE
General note 126/-
650 ## - SUBJECT ADDED ENTRY--TOPICAL TERM
Topical term or geographic name entry element Canada - Yearbooks
700 ## - ADDED ENTRY--PERSONAL NAME
Personal name Saywell, John T., ed.
Holdings
Withdrawn status Lost status Damaged status Not for loan Permanent Location Current Location Date acquired Full call number Barcode Date last seen Price effective from Koha item type
        Indian Institute of Public Administration Indian Institute of Public Administration 1994-03-18 A84x71 C16 29514 2018-07-21 2018-07-21 Book

Powered by Koha